Detalles MARC
| 000 -CABECERA |
| campo de control de longitud fija |
01627nam a2200325 i 4500 |
| 001 - NÚMERO DE CONTROL |
| campo de control |
000046289 |
| 003 - IDENTIFICADOR DEL NÚMERO DE CONTROL |
| campo de control |
DO-SdBNP |
| 005 - FECHA Y HORA DE LA ÚLTIMA TRANSACCIÓN |
| campo de control |
20260223082351.0 |
| 007 - CAMPO FIJO DE DESCRIPCIÓN FÍSICA--INFORMACIÓN GENERAL |
| campo de control de longitud fija |
ta |
| 008 - DATOS DE LONGITUD FIJA--INFORMACIÓN GENERAL |
| campo de control de longitud fija |
150715s1999 dr ac 000 0 spa d |
| 020 ## - NÚMERO INTERNACIONAL ESTÁNDAR DEL LIBRO |
| Número Internacional Estándar del Libro |
999342000X |
| 040 ## - FUENTE DE LA CATALOGACIÓN |
| Centro catalogador/agencia de origen |
DO-SdBNP |
| Lengua de catalogación |
spa |
| Centro/agencia transcriptor |
BNPHU |
| Normas de descripción |
rda |
| 041 ## - CÓDIGO DE LENGUA |
| Código de lengua del texto/banda sonora o título independiente |
spa |
| 082 #4 - NÚMERO DE LA CLASIFICACIÓN DECIMAL DEWEY |
| Número de clasificación |
xxx |
| Número de documento/Ítem |
xxx |
| Número de edición |
22 |
| 100 1# - ENTRADA PRINCIPAL--NOMBRE DE PERSONA |
| Nombre de persona |
Matos Moquete, Manuel, |
| Fechas asociadas al nombre |
1944- |
| Término indicativo de función/relación |
autor |
| Código de función/relación |
aut. |
| 9 (RLIN) |
6349 |
| 245 10 - MENCIÓN DE TÍTULO |
| Título |
Caamaño la ultima esperanza armada / |
| Mención de responsabilidad, etc. |
Manuel Matos Moquete ; prólogo, René Fortunato ; cuidado de edición, Andrés Blanco, Orlando Díaz |
| 264 #4 - PRODUCCIÓN, PUBLICACIÓN, DISTRIBUCIÓN, FABRICACIÓN Y COPYRIGHT |
| Producción, publicación, distribución, fabricación y copyright |
Santo Domingo : |
| Nombre del de productor, editor, distribuidor, fabricante |
Videocine Palau, |
| Fecha de producción, publicación, distribución, fabricación o copyright |
©1999. |
| 300 ## - DESCRIPCIÓN FÍSICA |
| Extensión |
278 páginas : |
| Otras características físicas |
ilustraciones, retratos ; |
| Dimensiones |
24 cm. |
| 336 ## - TIPO DE CONTENIDO |
| Término de tipo de contenido |
texto |
| Código de tipo de contenido |
txt |
| Fuente |
rdacontent |
| 337 ## - TIPO DE MEDIO |
| Nombre/término del tipo de medio |
sin mediación |
| Código del tipo de medio |
n |
| Fuente |
rdamedia |
| 338 ## - TIPO DE SOPORTE |
| Nombre/término del tipo de soporte |
volumen |
| Código del tipo de soporte |
nc |
| Fuente |
rdacarrier |
| 490 1# - MENCIÓN DE SERIE |
| Mención de serie |
Colección Documentos de Historia Contemporánea |
| Designación de volumen o secuencia |
1 |
| 500 ## - NOTA GENERAL |
| Nota general |
Incluye índice de nombres e índice de fotos |
| 505 0# - NOTA DE CONTENIDO CON FORMATO |
| Nota de contenido con formato |
El desafío -- |
| Título |
El despertar de la rebeldía / |
| -- |
El compromiso por la libertad / |
| -- |
Caamaño y la izquierda dominicana en Cuba de 1967 / |
| -- |
El Castillo del Príncipe, Somarriba y otras prisiones |
| -- |
Román : el Caamaño que conocí / |
| -- |
El campamento de Caamaño en Cuba / |
| -- |
Los que desembarcaron en Playa Caracoles / |
| -- |
La nueva estrategia : la guerrilla a partir de la ciudad / |
| -- |
Dos fuertes golpes en enero de 1972 para los planes de Caamaño / |
| -- |
De la cárcel, otra vez al exilio. |
| 590 ## - NOTA LOCAL (RLIN) |
| Nota local |
Inventariado, 2026/BT |
| 700 1# - PUNTO DE ACCESO ADICIONAL--NOMBRE DE PERSONA |
| Nombre de persona |
Fortunato, René, |
| Término indicativo de función/relación |
prologuista |
| 9 (RLIN) |
45450 |
| Código de función/relación |
pr. |
| 700 1# - PUNTO DE ACCESO ADICIONAL--NOMBRE DE PERSONA |
| Nombre de persona |
Blanco, Andrés, |
| Término indicativo de función/relación |
editor |
| Código de función/relación |
ed. |
| 9 (RLIN) |
76085 |
| 700 1# - PUNTO DE ACCESO ADICIONAL--NOMBRE DE PERSONA |
| Nombre de persona |
Díaz, Orlando, |
| Término indicativo de función/relación |
editor |
| Código de función/relación |
ed. |
| 9 (RLIN) |
14007 |
| 942 ## - ELEMENTOS DE PUNTO DE ACCESO ADICIONAL (KOHA) |
| Fuente del sistema de clasificación o colocación |
Dewey Decimal Classification |
| Tipo de ítem Koha |
Libro |